Qui de nous 5 ? - Statistiques

Statistiques générales
  • Ce quiz a été pris 67 fois
  • Le résultat moyen est 4 sur 20
Statistiques - réponses
Question Réponse % Correct
Va bientot aller en Turquie ? Ahmed
42%
Qui a les DEUX plus bonnes soeurs ? hassoul force à toi forcément j'en parle ALBAN CHEEEEF
42%
Qui tient le moins bien l'alcool ? (ou l'ice Tea) Ahmed
27%
Va chopper Marion à la fin de l'année ? Paco
23%
Et qui se branle le plus aussi ? Paco
23%
Qui est le plus intelligent ? Pierre
23%
A le plus de muscles ? Paco
19%
Pousse le plus à la salle ? Paco
15%
Est le plus aigri ? Pierre
15%
Qui vit le plus pour les caméras ? Pierre
15%
Et hors cours ? Sacha
15%
Se branle le plus en cours ? Ahmed
12%
Qui est le plus gay ? Ahmed
12%
Est le plus heureux dans sa vie ? Alban
12%
Qui est le plus riche ? Alban
12%
Qui est le plus antisémite ? Paco
12%
Peut pécho le plus de meufs ? Sacha
12%
A le plus de force ? Pierre
8%
Qui gagne à la bagarre ? Sacha
8%
Est le plus raciste ? Alban
4%
Aucun quiz correspondant
Distribution des résultats
% des personnes avec chaque résultat
Percentile par nombre de réponses
Votre historique - résultats
Vous n’avez pas pris ce quiz